Football - Les 10 plus gros transferts (2006-2007) - Statistiques

Statistiques générales
  • Ce quiz a été pris 40 fois
  • Le résultat moyen est 3 sur 10
Statistiques - réponses
Rang Club Précédent Nouveau Club Montant Joueur % Correct
3 Seville Real Madrid 27 000 000 € Sergio Ramos
87%
1 Olympique Lyonnais Chelsea 38 000 000 € Michael Essien
80%
6 Santos Real Madrid 24 000 000 € Robinho
57%
5 Real Madrid Newcastle 25 000 000 € Michael Owen
23%
10 Real Madrid Inter Milan 16 000 000 € Walter Samuel
17%
2 Manchester City Chelsea 31 500 000 € Shaun Wright-Phillips
10%
4 Parme Milan AC 25 000 000 € Alberto Gilardino
7%
8 Seville Real Madrid 20 000 000 € Julio Baptista
7%
9 Deportivo La Corogne Newcastle 20 000 000 € Albert Luque
3%
7 Arsenal Juventus 20 000 000 € Patrick Viera
3%
Aucun quiz correspondant
Distribution des résultats
% des personnes avec chaque résultat
Percentile par nombre de réponses
Votre historique - résultats
Vous n’avez pas pris ce quiz